| 000 | 00373nam a22001457a 4500 | ||
|---|---|---|---|
| 020 | _qPB. | ||
| 040 | _cFIZZA ISHAQ | ||
| 082 |
_a428.2 _bDON |
||
| 100 |
_aGORRELL,DONNA. _9132161 |
||
| 245 |
_aTHE LITTLE,BROWN WORKBOOK / _cDONNA GORRELL. |
||
| 250 | _a8TH ED. | ||
| 260 |
_aNEW YORK; _bADDISON WESLEY LONGMAN, _c2001. |
||
| 300 |
_a602 P. ; _c9.6X7.8IN |
||
| 942 |
_2ddc _cBK |
||
| 999 |
_c615429 _d615429 |
||